000 00566nam a2200181Ia 4500
001 20074
005 20260306172739.0
008 260306t2014||||xx |||||||||||||| ||spa||
041 _aESP
082 _a342.211
_bM61A
100 _aMinisterio de Cultura
_eAUT
245 0 _aDerechos de los pueblos indígenas en el Perú. El rol garante del estado en la protección y promoción de los derechos humanos:
_bmateriales de capacitación n.º 2
260 _c2014
300 _a55 páginas :
_c24 cm.
650 _aGEN
654 _aCDE
942 _cLIB
_dJUS
_fJUS
_2ddc
_n
999 _c20074
_d20074